02264nam a22004697a 4500003000900000005001700009020001800026040002800044041000800072044000700080100002500087245010100112260003200213300004100245504001500286505001400301505007100315505005700386505005000443505008200493505008800575505005900663505006300722505004700785505005400832505007000886505009600956505008301052505007201135505007301207505008601280505004601366505007801412505007701490650005801567908000801625942001301633945001501646980004301661999001701704952007301721AR-RoUNA20250429113944.0 a0-458-95880-8 aAR-RoUNAbspadAR-RoUNA aeng aag aHodge, Gerald927096 aPlanning canadian communitiesb: An Introduction to the Principales, Practice and Participants / aToronto :bMenthuen,c1986. a386 p. :bplanosbil. byn.c23x15 cm ap. 369-3770 tCONTENIDO0 aPrólogo / La necesidad de la planificación comunitaria. p. 3 0 tPARTE 1 : LAS RAICES DE LAS PLANIFICACION CANADIENSE0 a 1. El origen de las ciudades actuales. p. 210 a 2. Fundamentos físicos de la planificación comunitaria canadiense. p. 400 a3. Establecimiento de la agenda social para la planificación comunitaria. p. 75 0 a4. La perspectiva institucional en evolución. p. 1080 tPARTE 2 : LA PRÁCTICA DE LA PLANIFICACIÓN COMUNITARIA.0 a 5. Enfoque en el entorno físico. p. 1390 a 6. Etapas del proceso de planificación. p. 1600 a7. El plan comunitario: sus características y función. p. 2010 a8. Implementación del plan comunitario mediante la regulación del uso del suelo. p. 2170 a 9. Iniciativas de política pública en planificación comunitaria. p. 2490 a 10. Planificación regional y metropolitana en Canadá. p. 269 0 a11. Planificación para las pequeñas ciudades de Canadá. p. 2930 tPARTE 3 : PARTICIPACIÓN Y TOMA DE DECISIONES EN LA PLANIFICACIÓN COMUNITARIA.0 a12. Decidiendo sobre el plan comunitario.0 a 13. La textura de la participación en la planificación comunitaria. 0 aEpílogo: Antecedentes y tendencias en la planificación canadiense.  aUrbanismovPlanificación urbanavHistoriazCanadá aImp 2udccLIB d2025-04-29 65aMaría Machado85gMaría Machado c11949d11949 00102udc4070aCEAHbCEAHd2025-04-29l0pCEAH-00158tej. 1yLIBx